Mechanika. 2. diel, kinematika /
Gespeichert in:
| 1. Verfasser: | |
|---|---|
| Weitere Verfasser: | |
| Format: | Buch |
| Sprache: | Slowakisch |
| Veröffentlicht: |
Bratislava :
Alfa, vydavateľstvo technickej a ekonomickej literatúry,
1987
|
| Schlagworte: | |
| Online-Zugang: |
|
| Tags: |
Tag hinzufügen
Keine Tags, Fügen Sie den ersten Tag hinzu!
|
MARC
| LEADER | 00000nam a2200000 4500 | ||
|---|---|---|---|
| 003 | SK-BrCVT | ||
| 005 | 20220621133640.0 | ||
| 008 | 040404s1987 cs e ||||||slo d | ||
| 035 | |a CVTIDW0882799 | ||
| 040 | |b slo |a CVTI SR |e AACR2 | ||
| 041 | 0 | |a slo | |
| 044 | |a cs | ||
| 080 | |a 531/534(075.8) |2 UDC-MRF | ||
| 080 | |a 531.1(075.8) |2 UDC-MRF | ||
| 100 | 1 | |a Jančina, Jozef |9 21375 | |
| 245 | 1 | 0 | |a Mechanika. |n 2. diel, |p kinematika / |c Jozef Jančina, František Pekárek |
| 260 | |a Bratislava : |b Alfa, vydavateľstvo technickej a ekonomickej literatúry, |c 1987 | ||
| 300 | |a 335 s. | ||
| 653 | 1 | |a mechanika |a kinematika | |
| 655 | 4 | |a odborné publikácie | |
| 692 | |a LN MM | ||
| 700 | 1 | |a Pekárek, František |9 33836 | |
| 910 | |b A510879 |b A499892 |b A492953 |b A488693 |b A590208 |b A482571 |b A482572 |b A482573 |b A482574 |b A482575 |b A482576 |b A482577 |b A482578 |b A482579 | ||
| 974 | |f Knihy | ||
| 992 | |a AMG | ||
| 999 | |c 30377 |d 30377 | ||